Costes standard (Registro nro. 1962)

Detalles MARC
000 -LEADER
fixed length control field 01345 a2200193 4500
001 - CONTROL NUMBER
control field 29831
005 - DATE AND TIME OF LATEST TRANSACTION
control field 20260407155608.0
008 - FIXED-LENGTH DATA ELEMENTS--GENERAL INFORMATION
fixed length control field 260407a1967 arg spa d
003 - CONTROL NUMBER IDENTIFIER
control field AR-UNSa-BCEJYS
040 ## - CATALOGING SOURCE
Original cataloging agency AR-UNSa-BCEJYS
Language of cataloging spa
Transcribing agency AR-UNSa-BCEJYS
080 ## - UNIVERSAL DECIMAL CLASSIFICATION NUMBER
Universal Decimal Classification number 657.47
Common auxiliary subdivision Contabilidad de Costos
100 1# - MAIN ENTRY--PERSONAL NAME
Personal name Bennett, Clinton W.
245 10 - TITLE STATEMENT
Title Costes standard
264 #1 - PRODUCTION, PUBLICATION, DISTRIBUTION, MANUFACTURE, AND COPYRIGHT NOTICE
Place of production, publication, distribution, manufacture Barcelona :
Name of producer, publisher, distributor, manufacturer Labor
Date of production, publication, distribution, manufacture, or copyright notice 1967
300 ## - PHYSICAL DESCRIPTION
Extent 577 p.
Dimensions 22 cm.
505 ## - FORMATTED CONTENTS NOTE
Formatted contents note 1. Procedimientos contables y de costes para la industria moderna - 2. Los costes standard y su relación con otras clases de costes - 3. Determinación de las necesidades de la empresa - 4. Organización de la empresa para un control eficaz - 5. Establecimiento de los sistemas de control y planeamiento - 6. Descripción del procedimiento de cálculo - 7. Desarrollo de la formula del precio de coste - 8. Organización de la estructura contable - 9. Elaboración de los presupuestos - 10. Establecimiento de los standards - 11. Retribución del Trabajador - 12. Determinación del coste de los productos - 13. desarrollo de la información corriente relativa a costes - 14. Manejo de los costes en las cuentas - 15. Diferencias en los costes - 16. Estados e informes - 17. Planeamiento de los beneficios - 18. Cuestionario - 19. Problemas.
590 ## - LOCAL NOTE (RLIN)
Local note niveau_biblio:m niveau_hierar:0
942 ## - ADDED ENTRY ELEMENTS (KOHA)
Koha item type
Existencias
Withdrawn status Lost status Damaged status Not for loan Home library Current library Shelving location Date acquired Total checkouts Full call number Barcode Date last seen Price effective from Koha item type
        Biblioteca Prof. Eusebio Cleto del Rey Biblioteca Prof. Eusebio Cleto del Rey   07/04/2026   657.47 B469 L21787 07/04/2026 07/04/2026 Libro
        Biblioteca Prof. Eusebio Cleto del Rey Biblioteca Prof. Eusebio Cleto del Rey   07/04/2026   657.47 B469 L22340 07/04/2026 07/04/2026 Libro
        Biblioteca Prof. Eusebio Cleto del Rey Biblioteca Prof. Eusebio Cleto del Rey   07/04/2026   657.47 B469 L22341 07/04/2026 07/04/2026 Libro